000 00389nam a2200145 i 4500
001 bg
100 1 _aBARAŃSKI, Andrzej
245 0 _aSprawdzanie i legalizacja narzędzi do pomiarów wielkości elekrycznych /
_cAndrzej Barański.
260 _aWarszawa,
_c1975.
040 _cBPK
041 _apol
080 _a621.317:537
942 _cKS
008 s pl f |000 0 pol
999 _c16228
_d16228
856 _uhttp://koha.tu.koszalin.pl/cgi-bin/koha/opac-detail.pl?biblionumber=16228
_yKatalog online BPK